=LDR 00000nam 2200000 4500 =001 NUTBA000000000004397 =005 20140912095100.0 =006 =007 =008 =035 ##$$a 0010-091400000000430 =040 ##$$a NBPDMAT =082 ##$$a 028.5 =084 ##$$a 028.5 Tim b =100 ##$$a Tim Kreatif Guru =245 ##$$a Bermain dan Belajar / $c Tim Kreatif guru =260 ##$$a [S.l] : Pustaka Agung Harapan, $c [s.a] =300 ##$$a 40 hlm. : $b ilus. ; $c 27 cm. =650 ##$$a Bacaan kanak-kanak =990 ##$$a 21409742 =990 ##$$a 0001/BPAP-NTB/20142014 =990 ##$$a 0001/BPAP-NTB/20142014 =990 ##$$a 0001/BPAP-NTB/20142014 =990 ##$$a 0001/BPAP-NTB/20142014 =990 ##$$a 0001/BPAP-NTB/20142014